[Event "IECC Swiss-497.4"]
[Site "IECC email"]
[Date "2006.11.27"]
[Round "?"]
[White "Scott, David C"]
[Black "Hayward, James"]
[Result "0-1"]
[WhiteElo "782"]
[BlackElo "1278"]
[PlyCount "50"]
[EventDate "2006.??.??"]
[EventType "swiss (corr)"]
[EventRounds "1"]
[SourceTitle "Corr 2008"]
[Source "ChessBase"]
[SourceDate "2008.06.24"]
[SourceVersion "1"]
[SourceVersionDate "2008.06.24"]
[SourceQuality "1"]

1. Nf3 Nf6 2. g3 g6 3. Bg2 Bg7 4. 0-0 0-0 5. d4 d6 6. c4 Nbd7 7. Nc3 c5 8. d5 Nb6 9. Qd3 Ng4 10. e4 Nd7 11. Ne2 Nge5 12. Qc2 a6 13. Nxe5 Nxe5 14. Bf4 b5 15. b3 bxc4 16. Bxe5 Bxe5 17. Rad1 cxb3 18. Qxb3 Bg4 19. f3 Bd7 20. f4 Bg7 21. a4 Rb8 22. e5 Rxb3 23. Nc1 Rb4 24. a5 Qxa5 25. Nd3 Rb3 0-1

[Event "IECC CL6-2005.08 email"]
[Site "IECC email"]
[Date "2005.05.12"]
[Round "?"]
[White "Hayward, James"]
[Black "Kinna, Michael"]
[Result "1-0"]
[WhiteElo "1314"]
[BlackElo "1212"]
[PlyCount "63"]
[EventDate "2005.??.??"]
[EventType "tourn (corr)"]
[EventRounds "4"]
[SourceTitle "Corr 2020"]
[Source "ChessBase"]
[SourceDate "2019.09.30"]
[SourceVersion "1"]
[SourceVersionDate "2019.09.30"]
[SourceQuality "1"]
[WhiteTeam "Canada"]
[BlackTeam "Australia"]
[WhiteTeamCountry "CAN"]
[BlackTeamCountry "AUS"]

1. d4 Nf6 2. c4 c5 3. d5 e6 4. Nc3 exd5 5. cxd5 d6 6. e4 g6 7. f4 Bg7 8. Bb5+ Nbd7 9. e5 dxe5 10. fxe5 Nh5 11. e6 Qh4+ 12. g3 Nxg3 13. hxg3 Qxh1 14. Be3 Bxc3+ 15. bxc3 a6 16. exd7+ Bxd7 17. Bxd7+ Kxd7 18. Qa4+ b5 19. Qg4+ f5 20. Qf4 Rhe8 21. 0-0-0 Qe4 22. Bxc5 Qxf4+ 23. gxf4 Rac8 24. Bd4 Re4 25. Be5 b4 26. Nf3 bxc3 27. Rh1 h5 28. Rg1 Rc5 29. d6 Ra4 30. Rxg6 Rxa2 31. Rg7+ Kc6 32. Rc7+ 1-0

[Event "IECC KO-2068"]
[Site "IECC email"]
[Date "2005.04.24"]
[Round "?"]
[White "Hayward, James"]
[Black "Depasse, Jean Marc"]
[Result "0-1"]
[WhiteElo "1306"]
[BlackElo "1609"]
[PlyCount "46"]
[EventDate "2005.??.??"]
[EventType "match (corr)"]
[EventRounds "2"]
[SourceTitle "Corr 2020"]
[Source "ChessBase"]
[SourceDate "2019.09.30"]
[SourceVersion "1"]
[SourceVersionDate "2019.09.30"]
[SourceQuality "1"]
[WhiteTeam "Canada"]
[BlackTeam "France"]
[WhiteTeamCountry "CAN"]
[BlackTeamCountry "FRA"]

1. d4 Nf6 2. c4 e6 3. Nc3 Bb4 4. e3 0-0 5. Bd3 d5 6. Nge2 dxc4 7. Bxc4 c5 8. a3 Bxc3+ 9. bxc3 Qc7 10. Bd3 e5 11. f3 exd4 12. cxd4 cxd4 13. Nxd4 Qc3+ 14. Qd2 Qxa1 15. 0-0 Nc6 16. Bc4 Ne5 17. Bb3 Qb1 18. Rd1 Qg6 19. Bc2 Qh6 20. Qf2 Qh5 21. Qg3 Bd7 22. Bb2 Rfe8 23. Ne2 Rac8 0-1